000 00691nam a2200277Ia 4500
005 20260324111804.0
008 008 260324s9999 xx 000 0 eng d
020 _a9781003581956
037 _aEBOOK
040 _aCRL
040 _beng
040 _cCRL
041 _2eng
041 _aeng
084 _qCRL
100 _aLouis Komzsik
_91140025
245 0 _aWhat Every Engineer Should Know About Computational Techniques of Finite Element Analysis
260 _bTaylor and Francis
260 _c2025
365 _a
365 _b180
856 _uhttp://www.taylorfrancis.com/books/9781003581956
942 _cEBOOK
999 _c1728949
_d1728949